00297nam a2200121Ia 4500008004100000041000800041082001200049100001500061245003800076260002900114300002100143365001100164240624s9999 xx 000 0 und d aeng a823 FRE aFREY JAMES aFINAL TESTAMENT OF THE HOLY BIBLE c2012aLondonbjohn Murry a398p. : cm. ; 18 cRSb25